Muslim modernism in Bengal : (Record no. 19241)
[ view plain ]
| 000 -LEADER | |
|---|---|
| fixed length control field | 01357cam a2200301 a 4500 |
| 001 - CONTROL NUMBER | |
| control field | 896618 |
| 003 - CONTROL NUMBER IDENTIFIER | |
| control field | BDDh-ASL |
| 005 - DATE AND TIME OF LATEST TRANSACTION | |
| control field | 20231015025750.0 |
| 008 - FIXED-LENGTH DATA ELEMENTS--GENERAL INFORMATION | |
| fixed length control field | 820728m19809999bg 001 0 eng |
| 010 ## - LIBRARY OF CONGRESS CONTROL NUMBER | |
| LC control number | 80905215 |
| Canceled/invalid LC control number | 2016310589 |
| 020 ## - INTERNATIONAL STANDARD BOOK NUMBER | |
| Terms of availability | Tk35.00 (v. 1) |
| 040 ## - CATALOGING SOURCE | |
| Original cataloging agency | DLC |
| Transcribing agency | DLC |
| Modifying agency | BDDh-ASL |
| 043 ## - GEOGRAPHIC AREA CODE | |
| Geographic area code | a-bg--- |
| 050 00 - LIBRARY OF CONGRESS CALL NUMBER | |
| Classification number | BP63.B3 |
| Item number | M43 1980 |
| 082 00 - DEWEY DECIMAL CLASSIFICATION NUMBER | |
| Classification number | 297.0954 |
| Edition number | 19 |
| Item number | MUS |
| 100 1# - MAIN ENTRY--PERSONAL NAME | |
| Personal name | Meerza, Delawarr Hosaen Ahamed, |
| Dates associated with a name | 1840-1913. |
| 245 10 - TITLE STATEMENT | |
| Title | Muslim modernism in Bengal : |
| Remainder of title | selected writings of Delawarr Hosaen Ahamed Meerza, 1840-1913, Vol.-1 / |
| Statement of responsibility, etc. | edited by Sultan Jahan Salik ; foreword by A.F. Salahuddin Ahmed. |
| 260 ## - PUBLICATION, DISTRIBUTION, ETC. | |
| Place of publication, distribution, etc. | Dacca : |
| Name of publisher, distributor, etc. | Centre for Social Studies, |
| Date of publication, distribution, etc. | 1980. |
| 300 ## - PHYSICAL DESCRIPTION | |
| Extent | 119 p. : |
| Dimensions | 22 cm. |
| 500 ## - GENERAL NOTE | |
| General note | "I am now publishing the second edited volume of the essays after a lapse of three decades. These essays were first printed and published in 1889 by Thacker Spink and Co. Calcutta. Some of his other writings in "The Mussalman", "The Moslem Chronicle" and "The Mohammedan Observer" are also reproduced with this volume"--Volume 2 editor's note. |
| 500 ## - GENERAL NOTE | |
| General note | Includes index. |
| 650 #0 - SUBJECT ADDED ENTRY--TOPICAL TERM | |
| Topical term or geographic name entry element | Islam |
| Geographic subdivision | Bangladesh. |
| 651 #0 - SUBJECT ADDED ENTRY--GEOGRAPHIC NAME | |
| Geographic name | Bangladesh |
| General subdivision | Social conditions. |
| 700 1# - ADDED ENTRY--PERSONAL NAME | |
| Personal name | Salik, Sultan Jahan.+ |
| 906 ## - LOCAL DATA ELEMENT F, LDF (RLIN) | |
| a | 7 |
| b | cbc |
| c | orignew |
| d | 3 |
| e | ncip |
| f | 19 |
| g | y-gencatlg |
| 942 ## - ADDED ENTRY ELEMENTS (KOHA) | |
| Source of classification or shelving scheme | Dewey Decimal Classification |
| Koha item type | Books |
| Withdrawn status | Lost status | Source of classification or shelving scheme | Damaged status | Not for loan | Collection code | Home library | Current library | Shelving location | Date acquired | Source of acquisition | Serial Enumeration / chronology | Total Checkouts | Full call number | Barcode | Date last seen | Copy number | Price effective from | Koha item type | Public note |
|---|---|---|---|---|---|---|---|---|---|---|---|---|---|---|---|---|---|---|---|
| Dewey Decimal Classification | Non-fiction | Asiatic Society Library | Asiatic Society Library | Sirajul Islam Collection | 11/21/2020 | Donated by Professor Sirajul Islam, FRHS | V-1 | 297.0954 MUS | 102544 | 11/21/2020 | C-1 | 11/21/2020 | Books | ||||||
| Dewey Decimal Classification | Non-fiction | Asiatic Society Library | Asiatic Society Library | Sirajul Islam Collection | 11/21/2020 | Donated by Professor Sirajul Islam, FRHS | V-1 | 297.0954 MUS | 102547 | 11/21/2020 | C-2 | 11/21/2020 | Books | ||||||
| Dewey Decimal Classification | Non-fiction | Asiatic Society Library | Asiatic Society Library | Wakil Ahmed Collection | 03/07/2023 | Donated by Prof. Wakil Ahmed | V-1 | 297.0954 MUS | 119451 | 03/07/2023 | C-3 | 03/07/2023 | Books | RARE |